000
00249nam a22001097a 4500
082
_a
823/BAN
100
_a
Banker Ashok K.
_9
80693
245
_a
Ashok Lion of Maurya
260
_a
Chennai
_b
Westland Pub
_c
2016
650
_a
Novel
_9
80694
942
_c
BK
999
_c
63975
_d
63975